00810nam a2200265Ia 4500001000900000003000500009005001700014008004100031010001100072040000900083082002200092100002200114245012800136260007600264300001100340500006100351650001500412650001300427650001100440650001000451650001300461650001100474700003500485700002400520dia_2101CHAP20251028095049.0220117s1971 xx 000 0 und d a172639 cCHAP a636.3074 N67 1971 aNordby, Julius E. aSelección, preparación y exposición de ovinos /c Julius E. Nordby y Herbert E. Latting ; traducción Raúl Rameya aArgentina :b Centro Regional de Ayuda Técnica :,b Albatros,c1971 a131 p. aTítulo original: Selecting, fitting, and showing sheep aCarneros  0aCorderos aEwes  aLambs aOvejas  aRams  aLattig, Herbert Elmer, coaut.  aRameya, Raúl, tr.